BIBLIOTHÈQUE DE LA MAISON DU MEXIQUE

Logo 1 Logo 2

La industria de los aceites, grasas y jabones en el estado de Jalisco (notice nᵒ 11584)

détails MARC
000 -Sello discográfico
campo de control de longitud fija 00953nam a2200301 4500
005 - Identificación de versión
campo de control 20250925141559.0
035 ## - Otros números de control del sistema
Número de control del sistema 10222
099 ## - fechas locales
Tipo de ítem Koha LIBRO
100 ## - Datos de procesamiento general
Datos de procesamiento general 20040708d1953 m y1spay5003 ba
105 ## - Campo de datos codificados: Material textual, monográfico
Datos codificados de monografía a 001zy
200 1# - Título y mención de responsabilidad
Título propio La industria de los aceites, grasas y jabones en el estado de Jalisco
Designación general del material texto impreso
Primer mención de responsabilidad José Zamudio, Elías Loyola M
210 ## - Publicación, distribución, etc.
Lugar de publicación, distribución, etc. México
Nombre del editor, distribuidor, etc. Banco de México
Fecha de publicación, distribución, etc. 1953
215 ## - Descripción física
Designación de material específico y extensión del ítem 70 p
Otras características físicas il.
Dimensiones 22 cm
345 ## - Nota de información de adquisición
Fuente de adquisición/dirección de la suscripción [OBSOLETO] Donación
410 #1 - Series
Título Monografías Industriales
606 ## - Término temático usado como materia
Elemento de entrada Aceites y grasas
Subdivisión temática Industria y comercio
Subdivisión geográfica Jalisco (México)
Número Koha 18231
606 ## - Término temático usado como materia
Elemento de entrada Jabón
Subdivisión temática Industria y comercio
Subdivisión geográfica Jalisco (México)
Número Koha 18232
660 ## - Código de área geográfica
Código MX
676 ## - Clasificación Decimal Dewey
Número 917.233 Z23i
700 ## - Nombre personal - Responsabilidad primaria
Elemento de entrada Zamudio
Parte del nombre distinta del elemento de entrada José
Número Koha 18233
701 ## - Nombre personal - Responsabilidad alternativa
Elemento de entrada Loyola Montemayor
Parte del nombre distinta del elemento de entrada Elías
Número Koha 18234
801 #0 - Fuente de origen
Agencia cm
900 ## -
-- 1/7827
900 ## -
-- 7100419592\080704
942 ## - ELEMENTOS DE ENTRADA SECUNDARIOS (KOHA)
Tipo de ítem Koha Livre

Pas d'exemplaire disponible.